The state of the Middle East : (Record no. 20202)
[ view plain ]
| 000 -LEADER | |
|---|---|
| fixed length control field | 01119cam a22002895a 4500 |
| 001 - CONTROL NUMBER | |
| control field | 16530777 |
| 005 - DATE AND TIME OF LATEST TRANSACTION | |
| control field | 20160202141927.0 |
| 008 - FIXED-LENGTH DATA ELEMENTS--GENERAL INFORMATION | |
| fixed length control field | 101103s2008 caua frb f001 0 eng d |
| 020 ## - INTERNATIONAL STANDARD BOOK NUMBER | |
| International Standard Book Number | 9780520257535 (pbk.) |
| 040 ## - CATALOGING SOURCE | |
| Original cataloging agency | UKM |
| Transcribing agency | UKM |
| Modifying agency | BTCTA |
| -- | YDXCP |
| -- | BWKUK |
| -- | BWK |
| -- | AFQ |
| -- | BAKER |
| -- | BWX |
| -- | CDX |
| -- | GUA |
| -- | VP@ |
| -- | IAI |
| -- | GEBAY |
| -- | DLC |
| -- | EG-ScBUE |
| Language of cataloging | eng |
| 043 ## - GEOGRAPHIC AREA CODE | |
| Geographic area code | aw----- |
| 082 04 - DEWEY DECIMAL CLASSIFICATION NUMBER | |
| Edition number | 22 |
| Classification number | 327.56061 |
| Item number | SMI |
| 100 1# - MAIN ENTRY--PERSONAL NAME | |
| Personal name | Smith, Dan, |
| 9 (RLIN) | 39230 |
| Dates associated with a name | 1951- |
| 245 14 - TITLE STATEMENT | |
| Title | The state of the Middle East : |
| Remainder of title | an atlas of conflict and resolution / |
| Statement of responsibility, etc | Dan Smith. |
| 250 ## - EDITION STATEMENT | |
| Edition statement | Updated 2nd ed. |
| 260 ## - PUBLICATION, DISTRIBUTION, ETC. (IMPRINT) | |
| Place of publication, distribution, etc | Berkeley : |
| Name of publisher, distributor, etc | University of California Press, |
| Date of publication, distribution, etc | 2008. |
| 300 ## - PHYSICAL DESCRIPTION | |
| Extent | 148 p. : |
| Other physical details | ill. (col.) ; |
| Dimensions | 25 cm. |
| 500 ## - GENERAL NOTE | |
| General note | Previous ed.: 2006. |
| 500 ## - GENERAL NOTE | |
| General note | Cover: "Honored by the American Library Association ـــــ "Best of the Best: Books You Should Know About" ". |
| 500 ## - GENERAL NOTE | |
| General note | Index : p.146-148. |
| 504 ## - BIBLIOGRAPHY, ETC. NOTE | |
| Bibliography, etc | Bibliography : p. 142-145. |
| 650 ## - SUBJECT ADDED ENTRY--TOPICAL TERM | |
| Source of heading or term | BUEsh |
| 651 #7 - SUBJECT ADDED ENTRY--GEOGRAPHIC NAME | |
| Geographic name | Middle East |
| General subdivision | Politics and government. |
| Source of heading or term | BUEsh |
| 9 (RLIN) | 11754 |
| 651 #7 - SUBJECT ADDED ENTRY--GEOGRAPHIC NAME | |
| Geographic name | Middle East |
| General subdivision | Foreign relations. |
| Source of heading or term | BUEsh |
| 9 (RLIN) | 13921 |
| 653 ## - INDEX TERM--UNCONTROLLED | |
| Resource For college | BAEPS, Political Science |
| Arrived date list | July2015 |
| -- | February2016 |
| 942 ## - ADDED ENTRY ELEMENTS (KOHA) | |
| Source of classification or shelving scheme | Dewey Decimal Classification |
| Withdrawn status | Lost status | Source of classification or shelving scheme | Damaged status | Not for loan | Koha collection | Home library | Current library | Shelving location | Date acquired | Source of acquisition | Cost, normal purchase price | Serial Enumeration / chronology | Total Checkouts | Total Renewals | Full call number | Barcode | Date last seen | Date last borrowed | Cost, replacement price | Koha item type |
|---|---|---|---|---|---|---|---|---|---|---|---|---|---|---|---|---|---|---|---|---|
| Dewey Decimal Classification | Baccah | Central Library | Central Library | First floor | 05/07/2015 | Purchase | 177.00 | 22353 | 2 | 8 | 327.56061 SMI | 000039439 | 15/07/2025 | 01/11/2017 | 221.00 | Book - Borrowing |